[Event "Sachsen-Anhalt Landesliga-B 1920"]
[Site "Sachsen Anhalt"]
[Date "2020.02.02"]
[Round "6.8"]
[White "Walter, Axel"]
[Black "Prudlik, Elisa"]
[Result "1/2-1/2"]
[WhiteElo "1442"]
[BlackElo "1506"]
[PlyCount "90"]
[EventDate "2019.09.29"]
[EventType "team-tourn"]
[EventRounds "9"]
[EventCountry "GER"]
[SourceTitle "EXT 2023"]
[Source "ChessBase"]
[SourceDate "2022.10.05"]
[SourceVersion "1"]
[SourceVersionDate "2022.10.05"]
[SourceQuality "1"]
[WhiteTeam "Bad Schmiedeberg"]
[BlackTeam "Granschuetz Gruen Weiss"]
[WhiteTeamCountry "GER"]
[BlackTeamCountry "GER"]

1. e4 e5 2. Bc4 Nf6 3. Nc3 Bc5 4. Nf3 Nc6 5. d3 a6 6. a3 d6 7. Bg5 Be6 8. Nd5 Bxd5 9. exd5 Nd4 10. 0-0 h6 11. Bd2 b5 12. Ba2 Qd7 13. Nxd4 Bxd4 14. c3 Ba7 15. Bb3 c6 16. c4 cxd5 17. cxd5 Qf5 18. Bb4 Rd8 19. a4 Bc5 20. Ba5 Rc8 21. axb5 axb5 22. Qd2 0-0 23. Bc3 Bb6 24. Ra6 Rb8 25. Bb4 Rfd8 26. Kh1 Bc5 27. Bxc5 dxc5 28. d6 Qc8 29. Rfa1 Rd7 30. Qe2 Qe8 31. Re1 Qc8 32. Rea1 Qe8 33. Ra7 Rbb7 34. Rxb7 Rxb7 35. Qf3 Rb6 36. Ra8 Rb8 37. Ra7 c4 38. dxc4 bxc4 39. Bxc4 Rxb2 40. h3 e4 41. Qa3 Rb1+ 42. Kh2 Qe5+ 43. Qg3 Qxg3+ 44. Kxg3 Rd1 45. Rxf7 Kh7 1/2-1/2

[Event "GER-ch U14 Girls"]
[Site "Willingen"]
[Date "2018.05.25"]
[Round "8"]
[White "Prudlik, Elisa"]
[Black "Reuter, Elisa"]
[Result "0-1"]
[WhiteElo "1319"]
[BlackElo "1770"]
[PlyCount "84"]
[EventDate "2018.05.19"]
[EventType "swiss"]
[EventRounds "9"]
[EventCountry "GER"]
[SourceTitle "CBM 184 Extra"]
[Source "ChessBase"]
[SourceDate "2018.06.28"]
[SourceVersion "1"]
[SourceVersionDate "2018.06.28"]
[SourceQuality "1"]

1. e4 c5 2. Nf3 Nc6 3. d4 cxd4 4. Nxd4 g6 5. c4 Bg7 6. Be3 Nf6 7. Nc3 0-0 8. Be2 d6 9. 0-0 Bd7 10. Qd2 Nxd4 11. Bxd4 Bc6 12. f3 a5 13. Rab1 Nd7 14. Be3 Nc5 15. b4 axb4 16. Rxb4 Ra3 17. Bd4 Bxd4+ 18. Qxd4 Qa5 19. Rfb1 Ra8 20. Qd2 Na4 21. Nxa4 Rxa4 22. Rxa4 Qxa4 23. Rb2 Qa3 24. Qc2 Qc5+ 25. Kh1 Ra3 26. Qd2 Ra4 27. h3 Qe5 28. Qc2 Ra5 29. Bd3 Qd4 30. Qe2 Ra3 31. Bb1 Re3 32. Qd2 Qxd2 33. Rxd2 Re1+ 34. Kh2 Rxb1 35. Rd3 Rc1 36. Rd4 Rc2 37. a3 Rc3 38. Rd2 Rxa3 39. Rc2 Ra5 40. Rc3 Rc5 41. Ra3 Rxc4 42. Ra8+ Kg7 0-1

[Event "GER-ch U14 Girls"]
[Site "Willingen"]
[Date "2018.05.23"]
[Round "5"]
[White "Prudlik, Elisa"]
[Black "Zixin, Li"]
[Result "1-0"]
[WhiteElo "1319"]
[BlackElo "987"]
[PlyCount "67"]
[EventDate "2018.05.19"]
[EventType "swiss"]
[EventRounds "9"]
[EventCountry "GER"]
[SourceTitle "CBM 184 Extra"]
[Source "ChessBase"]
[SourceDate "2018.06.28"]
[SourceVersion "1"]
[SourceVersionDate "2018.06.28"]
[SourceQuality "1"]

1. e4 e5 2. Nf3 Nc6 3. Bb5 a6 4. Ba4 Nf6 5. 0-0 Be7 6. Re1 b5 7. Bb3 0-0 8. c3 d6 9. h3 Na5 10. Bc2 c5 11. d4 Qc7 12. Be3 Nc4 13. Bc1 Bb7 14. Nbd2 Nxd2 15. Qxd2 cxd4 16. cxd4 Rac8 17. Bd3 Rfd8 18. d5 h6 19. Nh4 Bf8 20. Re3 Kh7 21. Be2 Rb8 22. Rg3 Nxe4 23. Bd3 f5 24. Bxe4 fxe4 25. f3 exf3 26. Qd3+ Kh8 27. Ng6+ Kg8 28. Qxf3 Qc5+ 29. Kh1 Bxd5 30. Qf5 Rb7 31. Bxh6 Rf7 32. Qh5 Bxa2 33. Be3 Rf1+ 34. Rxf1 1-0

[Event "GER-ch U14 Girls"]
[Site "Willingen"]
[Date "2018.05.20"]
[Round "2"]
[White "Prudlik, Elisa"]
[Black "Schneider, Katharina"]
[Result "0-1"]
[WhiteElo "1319"]
[BlackElo "1600"]
[PlyCount "98"]
[EventDate "2018.05.19"]
[EventType "swiss"]
[EventRounds "9"]
[EventCountry "GER"]
[SourceTitle "CBM 184 Extra"]
[Source "ChessBase"]
[SourceDate "2018.06.28"]
[SourceVersion "1"]
[SourceVersionDate "2018.06.28"]
[SourceQuality "1"]

1. e4 e5 2. Nf3 Nc6 3. Bb5 a6 4. Ba4 Nf6 5. 0-0 Be7 6. Re1 b5 7. Bb3 0-0 8. c3 d5 9. d4 Nxe4 10. dxe5 Be6 11. Be3 b4 12. Bc2 bxc3 13. Nxc3 Bb4 14. a3 Nxc3 15. Qd3 Ne4 16. axb4 Nxb4 17. Qe2 Nxc2 18. Qxc2 Qd7 19. Red1 h6 20. Ra5 Rfc8 21. Nd4 Ng5 22. f4 Bg4 23. fxg5 Bxd1 24. Qxd1 hxg5 25. Bxg5 c5 26. Nb3 Qf5 27. Be3 Qxe5 28. Bxc5 Qxb2 29. Qxd5 Qb1+ 30. Kf2 Qc2+ 31. Kf1 Rd8 32. Bd6 Qb1+ 33. Kf2 Qb2+ 34. Kg1 Qf6 35. Be5 Rxd5 36. Bxf6 Rxa5 37. Nxa5 gxf6 38. Kf2 Rb8 39. Nc4 Rb4 40. Na5 Rb5 41. Nc4 a5 42. Ke2 a4 43. Kd2 Rb2+ 44. Kc1 Rxg2 45. h3 Rh2 46. Nb6 a3 47. Kb1 Rb2+ 48. Ka1 Rxb6 49. h4 f5 0-1